Na hline, so zamatovým srdcom Košický večer po stopách dražby Elektromontu

Bibliographic Details
Main Author: Čániová, Katarína (Author)
Format: Article
Language:Slovak
Subjects:

MARC

LEADER 00000nab a2200000 a 4500
001 vtls000892111
003 SK-MaSNL
005 20260302174536.0
008 040720e19940831xo 0 slo
035 |a KE1149 
040 |a KEVKJB  |b slo  |c KEVKJB  |e AACR2 
041 0 |a slo 
044 |a xo  |c SK 
080 |a 621.317  |2 1981 
080 |a 347.451.6  |2 1981 
100 1 |a Čániová, Katarína  |4 aut  |9 268107 
245 1 0 |a Na hline, so zamatovým srdcom  |b Košický večer po stopách dražby Elektromontu 
610 2 7 |a Elektromont (Košice, Slovensko)  |2 KEVKJB  |9 873649 
610 2 7 |a Europulz (Košice, Slovensko)  |2 KEVKJB  |9 884456 
650 0 7 |a verejné dražby  |2 KEVKJB  |9 4608 
650 0 7 |a majiteľ nový  |2 KEVKJB  |9 877391 
650 0 7 |a výrobný program nový  |2 KEVKJB  |9 884457 
651 7 |a Košice (Slovensko)  |2 KEVKJB  |9 18694 
773 0 8 |t Košický večer  |g Roč. 5  |g Roč. 28, č.168, 31.8.1994, s. 3 
852 |a ZVYKNI  |b KIS3GCP 
999 |c 1404376  |d 1406306